| 000 | 00928nam a2200361Ia 4500 | ||
|---|---|---|---|
| 001 | 4143 | ||
| 005 | 20240113233716.0 | ||
| 007 | ta | ||
| 008 | 050608s1991 g b000 u asm u | ||
| 020 | _cRs.60.00 (HB) | ||
| 040 | _aCotton College,Assam | ||
| 041 | _aasm | ||
| 082 |
_a808 _bGo 559 Sa |
||
| 082 |
_a891.41408 _bGo 559 Sa |
||
| 100 | _aGohain, Hiren . | ||
| 245 | 0 |
_aSahitya Aru Chetana / _cHiren Gohain. _hTextual Documents |
|
| 250 | _a1st ed. / | ||
| 260 |
_aGuwahati : _bLawyer`s Book Stall , _c1991. |
||
| 300 |
_a269p. ; _c21cm. |
||
| 365 | _aRs.60.00 | ||
| 653 | _aAssamese Essay-Collections | ||
| 653 | _aAssamese Literature | ||
| 653 | _aMS-Assamese | ||
| 653 | _aPG-Assamese | ||
| 653 | _aG-English | ||
| 653 | _aLiterature-Assamese | ||
| 942 |
_2ddc _cBK |
||
| 999 |
_c4131 _d4131 |
||